| 000 | 00331 a2200133 4500 | ||
|---|---|---|---|
| 001 | 87982 | ||
| 082 | _aPR 681 | ||
| 090 |
_c41451 _d41451 |
||
| 100 | _aNajam Hassan; Bohler USAF | ||
| 245 |
_aAir nozzle shadow graph _nG-7 |
||
| 260 |
_aKarachi _bKarachi Uni _c1975 |
||
| 300 | _a61 p. hand written | ||
| 500 | _aBE project report AE | ||
| 942 |
_aCAE NUST _kPR 681 |
||
| 999 |
_c323055 _d323055 |
||